Statistics for Best American Films According to Czechs and Slovaks

Click here to take the quiz!

General Stats

  • This quiz has been taken 17 times
  • The average score is 9 of 20

Answer Stats

% Film Director Year % Correct
7.91,9The GodfatherFrancis Ford Coppola1972
87%
9.90,9The Godfather Part IIFrancis Ford Coppola1974
80%
2.94,5Forrest GumpRobert Zemeckis1994
67%
11.90,6Pulp FictionQuentin Tarantino1994
67%
=90,3Gran TorinoClint Eastwood2008
60%
=90,3The Lord of the Rings: The Return of the KingPeter Jackson2003
60%
1.95,3The Shawshank RedemptionFrank Darabont1994
53%
14.90,3The Lord of the Rings: The Fellowship of the RingPeter Jackson2001
53%
17.90,2The Dark KnightChristopher Nolan2008
53%
19.90,0The Good, The Bad and The UglySergio Leone1966
53%
=92,3Schindler's ListSteven Spielberg1993
53%
3.92,8The Green MileFrank Darabont1999
47%
=90,0Raiders of the Lost ArkSteven Spielberg1981
33%
10.90,7The Terminator 2: Judgment DayJames Cameron1991
33%
18.90,1The MatrixAndrew Paul and Larry Wachowski1999
27%
4.92,6One Flew Over the Cuckoo's NestMiloŇ° Forman1975
27%
13.90,4The Silence of the LambsJonathan Demme1991
27%
=90,6Once Upon a Time in the WestSergio Leone1968
27%
5.92,3Se7enDavid Fincher1995
20%
8.91,312 Angry MenSidney Lumet1957
13%

Score Distribution

Percentile by Number Answered

Percent of People with Each Score

Your Score History

You have not taken this quiz